Anagrammes aléatoires des Villes dans Pokémon - Statistiques

Statistiques générales
  • Ce quiz a été pris 325 fois
  • Le résultat moyen est 7 sur 15
Statistiques - réponses
Réponse % Correct
Acajou
100%
Algatia
100%
Ekaeka
100%
Safrania
100%
Féli-Cité
94%
Ébènelle
92%
Ogoesse
89%
Kokohio
88%
Lili'i
88%
Irisia
86%
Ohana
86%
Bonville
78%
Cramois'Île
75%
Konikoni
75%
Lavanville
75%
Winscor
75%
Floraville
73%
Cromlac'h
71%
Parmanie
71%
Brasswick
70%
Écorcia
70%
Bourg Geon
67%
Clémenti-Ville
67%
Illumis
67%
Malié
67%
Pavonnay
67%
Bourg-en-Vol
64%
Volucité
64%
Autéquia
63%
Azuria
63%
Atalanopolis
60%
Doublonville
60%
Éternara
60%
Flusselles
60%
Janusia
60%
Mérouville
60%
Myokara
60%
Oliville
60%
Roche-sur-Gliffe
60%
Céladopole
57%
Charbourg
57%
Cimetronelle
57%
Joliberges
55%
Rosyères
55%
Bourg Palette
54%
Argenta
50%
Frimapic
50%
Lavandia
50%
Nénucrique
50%
Rosalia
50%
Skifford
50%
Verchamps
50%
Ville Griotte
50%
Bourg Croquis
45%
Célestia
45%
Ho'ohale
45%
Vestigion
44%
Vermilava
43%
Voilaroc
43%
Paddoxton
42%
Ludester
38%
Mozheim
38%
Rivamar
38%
Arpentières
33%
Corrifey
33%
Flocombe
33%
Jadielle
33%
Port Yoneuve
33%
Vaguelone
33%
Mauville
30%
Yantreizh
30%
Aire de Détente
29%
Littorella
29%
Poivressel
29%
Relifac-le-Haut
29%
Unionpolis
29%
Village Flottant
29%
Maillard
27%
Auffrac-les-Congères
25%
Motorby
25%
Parsemille
25%
Amaillide
23%
Vergazon
22%
Village Toko
22%
Aire de Survie
20%
Bonaugure
20%
Carmin sur Mer
20%
Entrelasque
20%
Pacifiville
20%
Papeloa
20%
Rotombourg
20%
Arabelle
18%
La Frescale
18%
Quarellis
17%
Greenbury
14%
Méanville
14%
Port Tempères
14%
Renouet
14%
Romant-sous-Bois
14%
Ville Noire
14%
Batisques
13%
Forêt Blanche
13%
Smashings
11%
Kickenham
10%
Aire de Combat
0%
Fort-Vanitas
0%
Neuvartault
0%
Old Chister
0%
Ondes-sur-Mer
0%
Aucun quiz correspondant
Distribution des résultats
% des personnes avec chaque résultat
Percentile par nombre de réponses
Votre historique - résultats
Vous n’avez pas pris ce quiz